Marvel Characters by Movie Cast: 'The Martian' - Statistics

General Stats
  • This quiz has been taken 43 times
  • The average score is 4 of 8
Answer Stats
Actors Marvel Characters % Correct
Sebastian Stan Winter Soldier (James "Bucky" Barnes)
100%
Benedict Wong Wong
95%
Michael Peña Luis
51%
Donald Glover Prowler (Aaron Davis) / Spider-Man (Miles Morales)
41%
Chiwetel Ejiofor Baron Mordo (Karl Mordo)
38%
Kate Mara Invisible Woman (Susan Storm)
28%
Jessica Chastain Vuk
10%
Matt Damon Asgardian playactor
3%
No matching quizzes found
Score Distribution
Percent of People with Each Score
Percentile by Number Answered
Your Score History
You have not taken this quiz